| 000 | 01372nam a22003257a 4500 | ||
|---|---|---|---|
| 999 |
_c20727 _d20727 |
||
| 005 | 20200124110819.0 | ||
| 008 | 200124b xxu||||| |||| 00| 0 spa d | ||
| 020 | _a9789588901527 | ||
| 040 |
_aCO-BoIAVH _cCO-BoIAVH |
||
| 041 | _aspa | ||
| 044 | _ack | ||
| 082 |
_a333.9522 _bL56p |
||
| 100 | _aLemus Portillo, Ciromar | ||
| 245 |
_aPrograma Nacional para la conservación de la especie endémica de Colombia Pez Capitán de la Sabana _b(Eremophilus mutisii) _cCiromar Lemus Portillo y otros |
||
| 260 |
_aBogotá D.C., _bMinisterio de Ambiente y Desarrollo Sostenible,, _bSecretaría Distrital de Ambiente de Bogotá, _bUniversidad Manuela Beltrán _c2017. |
||
| 300 |
_a73 páginas, _bFotografías, ilustraciones, mapas y gráficas a color _c27.9 x 21.6 cm |
||
| 504 | _aReferencia (páginas 69 - 73) | ||
| 650 | 0 | _aRecursos hidrobiológicos | |
| 650 | 0 | _aEspecies amenazadas | |
| 650 | 0 |
_aCapitán de la Sabana _xEspecie en peligro. |
|
| 650 | 0 | _aConservación de especies | |
| 650 | 0 | _aEspecies vulnerables | |
| 650 | 0 | _aPeces | |
| 700 | _aEchavarría Pedraza, Mónika | ||
| 700 | _aAvella Castiblanco, Carolina | ||
| 700 | _aLópez-Meneses, Wendy Francy | ||
| 700 | _aUseche Losada, Patricia Elena | ||
| 700 | _aMojica Corzo, José Iván | ||
| 942 |
_2ddc _cLIBRO |
||